駅ナンバリング、駅番号が「11」の駅 - Statistics

General Stats
  • This quiz has been taken 34 times
    19 since last reset
  • The average score is 33 of 202
Answer Stats
会社 番号 Answer % Correct
JR東日本 JY11 巣鴨
47%
JR東日本 JA11 新宿
47%
JR東日本 JT11 平塚
41%
JR西日本(近畿) JR-O11 大阪
41%
OsakaMetro N11 大正
41%
JR東日本 JC11 吉祥寺
35%
JR東日本 JE11 南船橋
35%
JR西日本(近畿) JR-A11 坂田
35%
JR西日本(近畿) JR-D11 新田
35%
OsakaMetro M11 江坂
35%
OsakaMetro T11 大日
35%
OsakaMetro C11 大阪港
35%
OsakaMetro S11 野田阪神
35%
OsakaMetro K11 天神橋筋六丁目
35%
OsakaMetro I11 井高野
35%
JR東日本 JO11 | JS11 東戸塚
29%
JR東日本 JK11 桜木町
29%
JR東日本 JB11 代々木
29%
JR東日本 JM11 船橋法典
29%
東京メトロ T11 茅場町
29%
ゆりかもめ U11 東京ビッグサイト
29%
東急 MG11 | TY11 武蔵小杉
29%
あおなみ線 AN11 金城ふ頭
29%
大阪モノレール 11 大阪空港
29%
南海 NK11
29%
OsakaMetro P11 中ふ頭
29%
近鉄 A11 河内花園
29%
近鉄 D11 近鉄八尾
29%
阪急 HK11 岡本
29%
阪神 HS11 尼崎センタープール前
29%
京阪 KH11 守口市
29%
JR西日本(近畿) JR-F11 JR俊徳道
29%
JR東日本 JN11 津田山
24%
東京メトロ C11 大手町
24%
東京メトロ Y11 護国寺
24%
東京メトロ F11 西早稲田
24%
都営 I11 水道橋
24%
日暮里・舎人ライナー NT11 舎人公園
24%
京急 KK11 京急蒲田
24%
つくばエクスプレス TX11 流山セントラルパーク
24%
JR西日本(近畿) JR-B11 永原
24%
近鉄 F11 恵我ノ荘
24%
東京モノレール MO11 羽田空港第2ターミナル
24%
東京メトロ G11 日本橋
18%
東京メトロ M11 四谷三丁目
18%
東京メトロ H11 築地
18%
東京メトロ Z11 清澄白河
18%
東京メトロ N11 後楽園
18%
都営 A11 東銀座
18%
都営 S11 森下
18%
都営 E11 蔵前
18%
都電 SA11 小台
18%
京成 KS11 京成小岩
18%
東急 DT11 梶が谷
18%
東急 OM11 九品仏
18%
東急 IK11 久が原
18%
東武 TS11 五反野
18%
東武 TJ11 和光市
18%
西武 SI11 大泉学園
18%
西武 SS11 井荻
18%
京王 KO11 芦花公園
18%
京王 IN11 浜田山
18%
小田急 OH11 経堂
18%
ニューシャトル NS11 伊奈中央
18%
秩父鉄道 CR11 石原
18%
千葉都市モノレール CM11 都賀
18%
多摩都市モノレール TT11 立川南
18%
横浜市交 B11 上大岡
18%
江ノ島電鉄 EN11 極楽寺
18%
JR西日本(近畿) JR-E11 亀岡
18%
WILLER TRAINS F11 辛皮
18%
WILLER TRAINS M11 丹後神崎
18%
近鉄 B11 伊勢田
18%
近鉄 E11 近鉄弥富
18%
山陽電鉄 SY11 山陽垂水
18%
京都市交 K11 京都
18%
JR九州 JA11 福間
18%
JR九州 JB11 けやき台
18%
JR九州 JC11 桂川
18%
JR九州 JD11 長者原
18%
JR九州 JI11 香春
18%
福岡市交 K11 博多
18%
福岡市交 N11 六本松
18%
西鉄 T11 下大利
18%
JR北海道 H11 サッポロビール庭園
12%
JR北海道 S11 銭函
12%
JR北海道 A11 幌向
12%
JR北海道 G11 あいの里公園
12%
札幌市交 N11 中の島
12%
札幌市交 T11 菊水
12%
札幌市交 H11 豊平公園
12%
札幌市電 SC11 電車事業所前
12%
道南いさりび鉄道 sh11 七重浜
12%
弘南鉄道 KK11 田舎館
12%
弘南鉄道 KW11 石川プール前
12%
仙台市交 N11 五橋
12%
仙台市交 T11 卸町
12%
JR東日本 SN11 聖高原
12%
JR東日本 SE11 川中島
12%
北総鉄道 HS11 小室
12%
東武 TN11 栃木
12%
東武 TD11 藤の牛島
12%
小田急 OE11 善行
12%
相鉄 SO11 希望ヶ丘
12%
ライトレール 11 清原地区市民センター前
12%
わらたせ渓谷鐵道 WK11 小中
12%
シーサイドライン 11 海の公園柴口
12%
伊豆箱根鉄道 ID11 富士フイルム前
12%
伊豆箱根鉄道 IS11 大仁
12%
JR東海 CA11 蒲原
12%
JR東海 CB11 南御殿場
12%
JR東海 CF11 古虎渓
12%
JR東海 CJ11 四日市
12%
JR東日本(大糸線) 11 白馬大池
12%
伊豆急行 IZ11 伊豆稲取
12%
富士山麓電気鉄道 FJ11 三つ峠
12%
長野電鉄 N11 村山
12%
上田電鉄 BE11 塩田町
12%
アルピコ交通 AK11 下島
12%
明知鉄道 11 恵那
12%
伊勢鉄道 11 東一身田
12%
豊橋鉄道市内線 11 競輪場前
12%
豊橋鉄道渥美線 11 老津
12%
名古屋市交 H11 新栄町
12%
名古屋市交 T11 荒畑
12%
愛知環状鉄道 11 新上挙母
12%
名鉄 NH11 美合
12%
名鉄 GN11 福地
12%
名鉄 MU11 碧南
12%
名鉄 MY11 猿投
12%
名鉄 TA11 寺本
12%
名鉄 KC11 住吉町
12%
名鉄 TB11 弥富
12%
名鉄 IY11 柏森
12%
名鉄 KG11 新加納
12%
名鉄 KM11 味美
12%
名鉄 ST11 喜多山
12%
富山地方鉄道 T11 新相ノ木
12%
富山地方鉄道 C11 桜橋
12%
神戸市交 S11 妙法寺
12%
能勢電鉄 NS11 笹部
12%
神戸電鉄 KB11 花山
12%
京阪 OT11 島ノ関
12%
京都市交 T11 三条京阪
12%
京福電気鉄道 A11 鹿王院
12%
叡山電鉄 E11 木野
12%
近江鉄道 OR11 豊郷
12%
和歌山電鐵 11 大池遊園
12%
JR西日本(岡山) JR-S11 三石
12%
JR西日本(岡山) JR-V11 備中広瀬
12%
JR西日本(岡山) JR-W11 笠岡
12%
JR西日本(岡山) JR-L11 迫川
12%
JR西日本(岡山) JR-M11 上の町
12%
JR西日本(岡山) JR-N11 伊部
12%
JR西日本(広島) JR-G11 西高屋
12%
JR西日本(広島) JR-R11 前空
12%
JR西日本(広島) JR-Y11 かるが浜
12%
JR西日本(広島) JR-B11 梅林
12%
一畑電車 11 湖遊館新駅
12%
JR四国 K11 土佐加茂
12%
JR四国 B11 阿波川島
12%
JR四国 M11 阿波中島
12%
JR九州 JK11 一貴山
12%
西鉄 A11 五郎丸
12%
筑豊電気鉄道 CK11 通谷
12%
北九州モノレール 11 徳力嵐山口
12%
平成筑豊鉄道 HC11 上金田
12%
肥薩おれんじ鉄道 OR11 津奈木
12%
くま川鉄道 11 多良木
12%
ゆいレール 11 おもろまち
12%
東武 TI11 多々良
6%
静岡鉄道 S11 御門台
6%
遠州鉄道 ET11 遠州西ヶ崎
6%
長良川鉄道 11 美濃市
6%
樽見鉄道 TR11 木知原
6%
名古屋市交 M11 平安通
6%
名古屋市交 S11 桜山
6%
三岐鉄道 S11 丹生川
6%
三岐鉄道 H11 楚原
6%
名鉄 BS11 苅安賀
6%
北陸鉄道 I11 陽羽里
6%
北陸鉄道 A11 粟ヶ崎
6%
えちぜん鉄道 E11 志比堺
6%
福井鉄道 F11 泰澄の里
6%
広島電鉄 M11 本川町
6%
広島電鉄 U11 県病院前
6%
JR四国 Y11 讃岐塩屋
6%
JR四国 U11 五十崎
6%
JR四国 S11 喜多灘
6%
JR四国 T11 讃岐白鳥
6%
ことでん K11 挿頭丘
6%
ことでん N11 農学部前
6%
ことでん S11 八栗新道
6%
伊予鉄道 IY11 石手川公園
6%
伊予鉄道(市内線) 11 高砂町
6%
長崎電気軌道 11 赤迫
6%
熊本市電 11 通町筋
6%
熊本電鉄 KD11 八景水谷
6%
鹿児島市電 I11 武之橋
6%
鹿児島市電 N11 鹿児島中央駅前
6%
No matching quizzes found
Score Distribution
Percent of People with Each Score
Percentile by Number Answered
Your Score History
You have not taken this quiz since the last reset